Normal view
MARC view
- بشرِی رحمان
Entry Personal Name
001 - CONTROL NUMBER
- control field: 100
003 - CONTROL NUMBER IDENTIFIER
- control field: Nust
005 - DATE AND TIME OF LATEST TRANSACTION
- control field: 20170507171835.0
008 - FIXED-LENGTH DATA ELEMENTS
- fixed length control field: 170507|| aca||aabn | a|a d
040 ## - CATALOGING SOURCE
- Original cataloging agency: Nust
- Transcribing agency: Nust
100 ## - HEADING--PERSONAL NAME
- Personal name: بشرِی رحمان
670 ## - SOURCE DATA FOUND
- Source citation: Work cat.: (Nust): بشرِی رحمان, کس موڑ پر ملے ہو ؟
